Normal view MARC view

Entry Personal Name

Number of records used in: 2

001 - CONTROL NUMBER

  • control field: 76033

003 - CONTROL NUMBER IDENTIFIER

  • control field: dpl

005 - DATE AND TIME OF LATEST TRANSACTION

  • control field: 20250107160310.0

008 - FIXED-LENGTH DATA ELEMENTS

  • fixed length control field: 250107|| aca||aabn | a|a d

040 ## - CATALOGING SOURCE

  • Original cataloging agency: dpl
  • Transcribing agency: dpl

100 ## - HEADING--PERSONAL NAME

  • Personal name: वर्मा, सुरेशपाल

670 ## - SOURCE DATA FOUND

  • Source citation: Work cat.: (dpl)208036: वर्मा, सुरेशपाल , नव प्रयोग 'मनका' के प्रारम्भिक रचनाकार/, 2023

© Delhi Public Library
Hit Counter
free hit counter